| 000 | 00625nam a2200217 a 4500 | ||
|---|---|---|---|
| 005 | 20240831063744.0 | ||
| 008 | 120426s2005 es r 000 0 spa d | ||
| 020 | _a8428527636 | ||
| 035 | _aUPN01000184261 | ||
| 049 | _aI | ||
| 050 | 4 |
_aPZ78 _bS7.3 2005 |
|
| 100 | 1 |
_aSturniolo, Norma _932194 |
|
| 245 | 1 | 3 |
_aEl caballero de las tierras de Urania / _cNorma Sturniolo ; il. Jesús Gabán. |
| 250 | _a2a ed. | ||
| 260 |
_aMadrid : _bSan Pablo, _cc2005. |
||
| 300 |
_a101 p. : _bil. |
||
| 440 | 3 |
_aLa brújula. _pNaranja ; _v1 |
|
| 650 | 4 |
_aCuentos infantiles españoles _97725 |
|
| 905 | _aInfantil | ||
| 999 |
_c156364 _d156364 |
||